000 00725cam a22002297 4500
001 4783
003 BD-RjUL
005 20211208233944.0
008 131223s1953 ii 001 0 eng
035 _a(BD-RjUL)4818
040 _aDLC
_cDLC
_dDLC
_dBD-RjUL
_beng
041 _aeng
082 _2347
_bANL
100 1 _aAnand, R. L.
_q(Ram Lal),
_d1890-
_914595
245 0 0 _aLaw of compromises, being comprehensive in scope, and exhaustive in treatment of all conceivable topics arising out of compromises ...
_bWith suppl. up to 1953.
260 _aAllahabad :
_bLaw Book Co. ,
_c1953.
300 _a288 p. ;
_c22 cm.
504 _aincludes index.
942 _2ddc
_cBK
999 _c4783
_d4783